Abastecimiento de agua y alcantarillado: ingeniería ambiental

Kaydedildi:
Detaylı Bibliyografya
Yazar: McGhee, Terence J. (autor)
Materyal Türü: Kitap
Dil:İspanyolca
Baskı/Yayın Bilgisi: Bogotá McGraw-Hill 1999
Konular:
Etiketler: Etiketle
Etiket eklenmemiş, İlk siz ekleyin!

MARC

LEADER 00000nam a2200000 a 4500
001 UCN3933
003 CL-VaPUC
008 010713e19990000CK |||||||||||||||||spa|d
020 |a 9586009262 
082 0 4 |a 628.1  |b MCG  |2 21 
100 |a McGhee, Terence J.  |e autor  |9 460578 
245 1 0 |a Abastecimiento de agua y alcantarillado: ingeniería ambiental 
300 |a 602 p 
942 |c BK 
945 |d 20010713 00:00:00  |a cmena 
260 |a Bogotá  |b McGraw-Hill  |c 1999 
650 7 |a INGENIERIA SANITARIA  |2 CL-VaPUC  |9 262866 
650 0 |a Abastecimiento de agua  |9 260374 
650 0 |a Ingeniería ambiental  |9 328689 
650 0 |a Ingeniería hidráulica  |9 260281 
650 0 |a Aguas subterráneas  |9 260378 
650 0 |a Acueductos  |9 408464 
650 7 |a DISTRIBUCION DEL AGUA  |2 CL-VaPUC  |9 389658 
650 0 |a Control de calidad   |9 259714 
650 0 |a Tratamiento de aguas  |9 262792 
650 0 |a Aguas residuales   |9 262614 
583 |a last modification  |c 20180514 11:03:17  |k Rodrigo Vera 
999 |c 296591  |d 296589 
952 |0 0  |1 0  |4 0  |6 628_100000000000000_MCG_1999  |7 0  |8 A  |9 350502  |a BIBING  |b BIBING  |d 2019-11-20  |i 3738108  |o 628.1 MCG 1999  |p 3738108  |r 2025-01-20  |w 2019-11-20  |y BK  |k CCL 
952 |0 0  |1 0  |4 0  |6 628_100000000000000_MCG_1999  |7 0  |8 A  |9 350503  |a BIBING  |b BIBING  |d 2019-11-20  |i 3738094  |o 628.1 MCG 1999  |p 3738094  |r 2025-01-20  |w 2019-11-20  |y BK  |k CCL 
952 |0 0  |1 0  |4 0  |6 628_100000000000000_MCG_1999  |7 0  |8 A  |9 350504  |a BIBING  |b BIBING  |d 2019-11-20  |i 3783308  |o 628.1 MCG 1999  |p 3783308  |r 2025-01-20  |w 2019-11-20  |y BK  |k CCL 
952 |0 0  |1 0  |4 0  |6 628_100000000000000_MCG_1999  |7 0  |8 A  |9 350505  |a BIBING  |b BIBING  |d 2019-11-20  |i 3783316  |o 628.1 MCG 1999  |p 3783316  |r 2025-01-20  |w 2019-11-20  |y BK  |k CCL 
952 |0 0  |1 0  |4 0  |6 628_100000000000000_MCG_1999  |7 0  |8 A  |9 350506  |a BIBING  |b BIBING  |d 2019-11-20  |i 3783324  |l 1  |o 628.1 MCG 1999  |p 3783324  |r 2025-01-20  |s 2022-07-08  |w 2019-11-20  |y BK  |k CCL 
952 |0 0  |1 0  |4 0  |6 628_100000000000000_MCG_1999  |7 0  |8 A  |9 350507  |a BIBING  |b BIBING  |d 2019-11-20  |i 3856119  |o 628.1 MCG 1999  |p 3856119  |r 2025-01-20  |w 2019-11-20  |y BK  |k CCL 
952 |0 0  |1 0  |4 0  |6 628_100000000000000_MCG_1999  |7 0  |8 A  |9 350508  |a BIBING  |b BIBING  |d 2019-11-20  |i 3856127  |o 628.1 MCG 1999  |p 3856127  |r 2025-01-20  |w 2019-11-20  |y BK  |k CCL 
952 |0 0  |1 0  |4 0  |6 628_100000000000000_MCG_1999  |7 0  |8 A  |9 350509  |a BIBING  |b BIBING  |d 2019-11-20  |i 3856135  |o 628.1 MCG 1999  |p 3856135  |r 2025-01-20  |w 2019-11-20  |y BK  |k CCL 
952 |0 0  |1 0  |4 0  |6 628_100000000000000_MCG_1999  |7 0  |8 A  |9 350510  |a BIBING  |b BIBING  |d 2019-11-20  |i 3856143  |o 628.1 MCG 1999  |p 3856143  |r 2025-01-20  |w 2019-11-20  |y BK  |k CCL 
952 |0 0  |1 0  |4 0  |6 628_100000000000000_MCG_1999  |7 0  |8 A  |9 350511  |a BIBING  |b BIBING  |d 2019-11-20  |i 3883396  |o 628.1 MCG 1999  |p 3883396  |r 2025-01-20  |w 2019-11-20  |y BK  |k ING 
952 |0 0  |1 0  |4 0  |6 628_100000000000000_MCG_1999  |7 0  |8 A  |9 350512  |a BIBING  |b BIBING  |d 2019-11-20  |i 388340K  |o 628.1 MCG 1999  |p 388340K  |r 2025-01-20  |w 2019-11-20  |y BK  |k ING 
952 |0 0  |1 0  |4 0  |6 628_100000000000000_MCG_1999  |7 0  |8 A  |9 350513  |a BIBING  |b BIBING  |d 2019-11-20  |i 3947513  |l 1  |o 628.1 MCG 1999  |p 3947513  |r 2025-01-20  |s 2024-03-14  |w 2019-11-20  |y BK  |k CCL 
952 |0 0  |1 0  |4 0  |6 628_100000000000000_MCG_1999  |7 0  |8 A  |9 350514  |a BIBING  |b BIBING  |d 2019-11-20  |i 3956598  |o 628.1 MCG 1999  |p 3956598  |r 2025-01-20  |w 2019-11-20  |y BK  |k CCL